| 000 | 00647aam a2200241 4500 | ||
|---|---|---|---|
| 005 | 20161213120242.0 | ||
| 008 | 150506b xxu||||| |||| 00| 0 spa d | ||
| 041 | _aEspañol | ||
| 082 | _a364 R696cl | ||
| 100 |
_aRodríguez Manzanera, Luis _95025 |
||
| 245 | _aClásicos de la criminología | ||
| 260 |
_aMéxico _bUBIJUS _c2006 |
||
| 300 | _a346 páginas | ||
| 650 |
_aCRIMINOLOGÍA _989 |
||
| 650 |
_aDESIGUALDAD _917045 |
||
| 650 |
_aPRISIONES _92298 |
||
| 650 |
_aMEDICINA LEGAL _9103 |
||
| 650 |
_aDERECHO PENAL _935234 |
||
| 650 |
_aATAUISMO _935235 |
||
| 650 |
_aSOCIOLOGÍA CRIMINAL _91251 |
||
| 650 |
_aDELITO _92200 |
||
| 942 | _cBK | ||
| 999 |
_c5164 _d5164 |
||